[Event "8MCR_4D_1L_3S"]
[Site "?"]
[Date "2008.??.??"]
[Round "?"]
[White "Peroutik, Jiri"]
[Black "Hala, Martin"]
[Result "1/2-1/2"]
[WhiteElo "1845"]
[BlackElo "2312"]
[PlyCount "33"]
[EventDate "2008.??.??"]
[EventType "corr"]

1. e4 e5 2. Nf3 Nc6 3. Bb5 f5 4. Nc3 fxe4 5. Nxe4 Nf6 6. Qe2 d5 7. Nxf6+ gxf6
8. d4 Bg7 9. dxe5 O-O 10. Bxc6 bxc6 11. e6 Re8 12. O-O Bxe6 13. Nd4 Bc8 14. Qf3
c5 15. Nf5 Bxf5 16. Qxf5 Re5 17. Qf3 1/2-1/2

[Event "8MCR_4D_1L_3S"]
[Site "?"]
[Date "2008.??.??"]
[Round "?"]
[White "Peroutik, Jiri"]
[Black "Hladecek, Miloslav"]
[Result "0-1"]
[WhiteElo "1845"]
[BlackElo "2342"]
[PlyCount "23"]
[EventDate "2008.??.??"]
[EventType "corr"]

1. e4 e5 2. Nf3 Nc6 3. Bb5 a6 4. Ba4 Nf6 5. O-O Be7 6. Re1 d6 7. c3 O-O 8. h3
b5 9. Bb3 Na5 10. Bc2 c5 11. d4 Qc7 12. Nbd2 0-1

[Event "8MCR_4D_1L_3S"]
[Site "?"]
[Date "2008.??.??"]
[Round "?"]
[White "Peroutik, Jiri"]
[Black "Kasik, Miroslav"]
[Result "0-1"]
[WhiteElo "1845"]
[BlackElo "2135"]
[PlyCount "50"]
[EventDate "2008.??.??"]
[EventType "corr"]

1. e4 c5 2. Nf3 Nc6 3. d4 cxd4 4. Nxd4 Nf6 5. Nc3 e5 6. Ndb5 d6 7. Bg5 a6 8.
Na3 b5 9. Bxf6 gxf6 10. Nd5 Bg7 11. c3 f5 12. exf5 Bxf5 13. Nc2 O-O 14. Nce3
Be6 15. Bd3 f5 16. Bc2 b4 17. O-O Kh8 18. Ba4 Ne7 19. Nxb4 f4 20. Ned5 f3 21.
g3 Bxd5 22. Nxd5 Qc8 23. Ne3 Qh3 24. Qxd6 Rf6 25. Qd7 Nf5 0-1

[Event "8MCR_4D_1L_3S"]
[Site "?"]
[Date "2008.??.??"]
[Round "?"]
[White "Peroutik, Jiri"]
[Black "Motejzik, Jaroslav"]
[Result "0-1"]
[WhiteElo "1845"]
[BlackElo "2068"]
[PlyCount "66"]
[EventDate "2008.??.??"]
[EventType "corr"]

1. e4 e6 2. d4 d5 3. Nc3 Nf6 4. Bg5 dxe4 5. Nxe4 Be7 6. Bxf6 Bxf6 7. Nf3 Nd7 8.
Qd2 O-O 9. O-O-O Be7 10. Bd3 b6 11. h4 Bb7 12. Rh3 c5 13. Rg3 Qc7 14. dxc5 bxc5
15. Nc3 Nf6 16. Nb5 Qb8 17. Qg5 g6 18. h5 Nd5 19. Qh6 Qf4+ 20. Qxf4 Nxf4 21.
hxg6 hxg6 22. Rh1 Rfd8 23. Bf1 Bf6 24. Nc3 Rab8 25. Nd2 Kg7 26. Nd1 Rd5 27. c4
Rd7 28. Nb3 Rbd8 29. Ne3 Bc6 30. Rg4 g5 31. Na5 Be4 32. Nb3 Bg6 33. Rg3 a5 0-1

[Event "8MCR_4D_1L_3S"]
[Site "?"]
[Date "2008.??.??"]
[Round "?"]
[White "Peroutik, Jiri"]
[Black "Pirhala, Ladislav"]
[Result "0-1"]
[WhiteElo "1845"]
[BlackElo "2102"]
[PlyCount "84"]
[EventDate "2008.??.??"]
[EventType "corr"]

1. e4 e5 2. Nf3 Nc6 3. Bb5 Nf6 4. O-O Nxe4 5. d4 Nd6 6. Bxc6 dxc6 7. dxe5 Nf5
8. Qxd8+ Kxd8 9. Nc3 Ke8 10. h3 Be6 11. g4 Ne7 12. Nd4 Bd7 13. Re1 h5 14. e6
fxe6 15. Nxe6 Bxe6 16. Rxe6 hxg4 17. hxg4 Kd7 18. Re2 Ng6 19. Bg5 Bd6 20. Rd1
Raf8 21. Ne4 Nf4 22. Red2 Nh3+ 23. Kg2 Nxg5 24. Nxg5 Rh2+ 25. Kf1 Rh6 26. Rd3
Rf4 27. Nf3 Re6 28. g5 c5 29. b3 b5 30. Kg2 Re2 31. Rc3 Kc8 32. Kf1 Re8 33. Re1
Ref8 34. Kg2 c4 35. Re6 Rh8 36. Kf1 Rh1+ 37. Kg2 Rc1 38. Re2 cxb3 39. axb3 a5
40. Rce3 a4 41. c3 Bc5 42. Rd3 Rf5 0-1

[Event "8MCR_4D_1L_3S"]
[Site "?"]
[Date "2008.??.??"]
[Round "?"]
[White "Peroutik, Jiri"]
[Black "Sykora, Josef"]
[Result "0-1"]
[WhiteElo "1845"]
[BlackElo "2352"]
[PlyCount "56"]
[EventDate "2008.??.??"]
[EventType "corr"]

1. e4 c5 2. Nf3 d6 3. d4 cxd4 4. Nxd4 Nf6 5. Nc3 a6 6. f4 e6 7. Qf3 Qb6 8. a3
Nc6 9. Nxc6 bxc6 10. b3 Bb7 11. Bb2 d5 12. O-O-O Qa5 13. e5 Nd7 14. Na4 Qc7 15.
f5 Nxe5 16. Qg3 f6 17. fxe6 Bd6 18. Qh3 O-O 19. Bd3 Nxd3+ 20. Rxd3 c5 21. Kb1
Bc6 22. Nc3 d4 23. Ne2 Qb7 24. Rg1 Rae8 25. Ng3 g6 26. Rd2 a5 27. a4 Bd5 28.
Re1 Be5 0-1

[Event "8MCR_4D_1L_3S"]
[Site "?"]
[Date "2008.??.??"]
[Round "?"]
[White "Pirhala, Ladislav"]
[Black "Canibal, Jaromir"]
[Result "1/2-1/2"]
[WhiteElo "2102"]
[BlackElo "2236"]
[PlyCount "85"]
[EventDate "2008.??.??"]
[EventType "corr"]

1. e4 e5 2. Nf3 Nf6 3. Nxe5 d6 4. Nf3 Nxe4 5. d4 d5 6. Bd3 Bd6 7. O-O O-O 8. c4
c6 9. cxd5 cxd5 10. Nc3 Nf6 11. Bg5 Be6 12. Re1 h6 13. Bh4 Nc6 14. Qd2 Rc8 15.
Re2 Nb4 16. Bb1 Be7 17. a3 Nc6 18. Qd3 Re8 19. Bc2 Ne4 20. Nxe4 dxe4 21. Qxe4
Bxh4 22. Qh7+ Kf8 23. Rd1 Qd5 24. Be4 Qb5 25. Rde1 Bf6 26. d5 Nd4 27. Nxd4 Bxd4
28. Bf3 Rcd8 29. dxe6 Rxe6 30. b4 Qb6 31. Rxe6 Bxf2+ 32. Kh1 fxe6 33. Rf1 Bd4
34. Bh5+ Ke7 35. Qg6 Kd7 36. Rf7+ Kc8 37. Bf3 Rd7 38. Rxd7 Kxd7 39. Qf7+ Kd8
40. Qf8+ Kc7 41. Qf7+ Kb8 42. Qe8+ Kc7 43. Qe7+ 1/2-1/2

[Event "8MCR_4D_1L_3S"]
[Site "?"]
[Date "2008.??.??"]
[Round "?"]
[White "Pirhala, Ladislav"]
[Black "Cerveny, Libor"]
[Result "1-0"]
[WhiteElo "2102"]
[BlackElo "2043"]
[PlyCount "93"]
[EventDate "2008.??.??"]
[EventType "corr"]

1. e4 e6 2. d4 d5 3. Nc3 Bb4 4. e5 Ne7 5. a3 Bxc3+ 6. bxc3 c5 7. Qg4 Qc7 8.
Qxg7 Rg8 9. Qxh7 cxd4 10. Ne2 Nbc6 11. f4 Bd7 12. Qd3 dxc3 13. Qxc3 Nf5 14. Ng3
Nxg3 15. hxg3 Qb6 16. Qb2 Qc5 17. Rh3 O-O-O 18. Bd2 Kb8 19. Rb1 b6 20. Qc3 Qf8
21. Be2 f6 22. exf6 d4 23. Qd3 Qxf6 24. g4 e5 25. f5 Rh8 26. a4 Kc7 27. a5 Nxa5
28. Bxa5 Rxh3 29. gxh3 bxa5 30. Qa3 a4 31. Qc5+ Bc6 32. Kd1 Kd7 33. Qxa7+ Ke8
34. Bb5 Bxb5 35. Rxb5 d3 36. c3 Kf8 37. Rb6 Qf7 38. Qxa4 Qd5 39. Qc6 Qxc6 40.
Rxc6 e4 41. Re6 Rc8 42. Rxe4 Rxc3 43. Kd2 Rc7 44. h4 Kg7 45. Kxd3 Rc5 46. Ke3
Rc1 47. Kf4 1-0

[Event "8MCR_4D_1L_3S"]
[Site "?"]
[Date "2008.??.??"]
[Round "?"]
[White "Pirhala, Ladislav"]
[Black "Ertl, Lubos"]
[Result "1/2-1/2"]
[WhiteElo "2102"]
[BlackElo "1889"]
[PlyCount "102"]
[EventDate "2008.??.??"]
[EventType "corr"]

1. e4 e5 2. Nf3 Nc6 3. Bb5 a6 4. Ba4 Nf6 5. O-O Be7 6. Re1 b5 7. Bb3 d6 8. c3
O-O 9. h3 Na5 10. Bc2 c5 11. d4 Qc7 12. Nbd2 cxd4 13. cxd4 Nc6 14. Nb3 a5 15.
Bd3 a4 16. Nbd2 Ba6 17. Nf1 Nxd4 18. Nxd4 exd4 19. Bg5 Qc5 20. Bh4 Rfe8 21. Ng3
g6 22. Qd2 Bd8 23. Rac1 Qb6 24. Qh6 Re6 25. Nf5 Ne8 26. Qf4 Bxh4 27. Nxh4 Nf6
28. Nf3 Nd7 29. Ng5 Rf6 30. Qh4 h5 31. Rcd1 Re8 32. Kh2 Bb7 33. f4 Kg7 34. Bb1
b4 35. Re2 b3 36. a3 Qc5 37. Nf3 Ba6 38. Ree1 d3 39. Bxd3 Bxd3 40. Rxd3 Qc2 41.
Rd2 Qc6 42. Rde2 Qc5 43. e5 dxe5 44. fxe5 Rxf3 45. gxf3 Nxe5 46. Kg2 Re6 47.
Qg5 f6 48. Qh4 Qd5 49. Qe4 Qd7 50. Qb4 Qd5 51. Qe4 Qd7 1/2-1/2

[Event "8MCR_4D_1L_3S"]
[Site "?"]
[Date "2008.??.??"]
[Round "?"]
[White "Pirhala, Ladislav"]
[Black "Hala, Martin"]
[Result "1-0"]
[WhiteElo "2102"]
[BlackElo "2312"]
[PlyCount "57"]
[EventDate "2008.??.??"]
[EventType "corr"]

1. e4 e5 2. Nf3 Nc6 3. Bb5 f5 4. Nc3 fxe4 5. Nxe4 Nf6 6. Qe2 d5 7. Nxf6+ gxf6
8. d4 Bg7 9. dxe5 O-O 10. e6 Ne5 11. Be3 c6 12. Bd3 Bxe6 13. O-O-O Qd6 14. Rhe1
Rfe8 15. Nd4 Bd7 16. c3 Nxd3+ 17. Qxd3 Qe7 18. h3 Qe4 19. Qd2 a5 20. g4 a4 21.
a3 Qg6 22. Rg1 Re7 23. h4 Qf7 24. h5 Kh8 25. h6 Bf8 26. g5 Rae8 27. Nf3 Re4 28.
gxf6 Qxf6 29. Ng5 1-0

[Event "8MCR_4D_1L_3S"]
[Site "?"]
[Date "2008.??.??"]
[Round "?"]
[White "Pirhala, Ladislav"]
[Black "Hladecek, Miloslav"]
[Result "0-1"]
[WhiteElo "2102"]
[BlackElo "2342"]
[PlyCount "20"]
[EventDate "2008.??.??"]
[EventType "corr"]

1. e4 e5 2. Nf3 Nc6 3. Bb5 a6 4. Ba4 Nf6 5. O-O Be7 6. Re1 d6 7. c3 O-O 8. h3
b5 9. Bc2 Bb7 10. a4 b4 0-1

[Event "8MCR_4D_1L_3S"]
[Site "?"]
[Date "2008.??.??"]
[Round "?"]
[White "Pirhala, Ladislav"]
[Black "Kasik, Miroslav"]
[Result "1-0"]
[WhiteElo "2102"]
[BlackElo "2135"]
[PlyCount "83"]
[EventDate "2008.??.??"]
[EventType "corr"]

1. e4 c5 2. Nf3 Nc6 3. d4 cxd4 4. Nxd4 Nf6 5. Nc3 e5 6. Ndb5 d6 7. Bg5 a6 8.
Bxf6 gxf6 9. Na3 f5 10. Bd3 Rg8 11. g3 Nd4 12. Nd5 fxe4 13. Bxe4 Bg4 14. Qd3 f5
15. Bg2 Rg6 16. c3 Nf3+ 17. Bxf3 e4 18. Bxe4 fxe4 19. Qc4 Bf3 20. Rg1 Rb8 21.
Nc2 Bg7 22. Nd4 Bxd4 23. Qxd4 Kf7 24. a4 Qh8 25. Qxh8 Rxh8 26. Kd2 Rh6 27. h4
Ke6 28. c4 Ke5 29. Ke3 Rg6 30. a5 Rg7 31. b3 Rgg8 32. Ra2 Rc8 33. Nb6 Rc6 34.
g4 Rg8 35. g5 Rg7 36. Rd2 Rc5 37. b4 Rc6 38. Rd4 Ke6 39. h5 Kf7 40. h6 Rg8 41.
Nd5 Rgc8 42. Nf4 1-0

[Event "8MCR_4D_1L_3S"]
[Site "?"]
[Date "2008.??.??"]
[Round "?"]
[White "Pirhala, Ladislav"]
[Black "Sykora, Josef"]
[Result "1/2-1/2"]
[WhiteElo "2102"]
[BlackElo "2352"]
[PlyCount "113"]
[EventDate "2008.??.??"]
[EventType "corr"]

1. e4 c5 2. Nc3 Nc6 3. Nf3 g6 4. d4 cxd4 5. Nxd4 Bg7 6. Be3 Nf6 7. Bc4 O-O 8.
Bb3 d6 9. f3 Bd7 10. Qd2 Nxd4 11. Bxd4 b5 12. h4 a5 13. a4 bxa4 14. Nxa4 Be6
15. Nb6 Ra6 16. Nd5 Bxd5 17. exd5 Qc7 18. Ra4 h5 19. Kd1 Nd7 20. Bxg7 Kxg7 21.
g4 Rh8 22. Re1 hxg4 23. fxg4 Ne5 24. h5 Raa8 25. Rh1 Rh6 26. Kc1 Rb8 27. Kb1
Qc5 28. Qg5 f6 29. Qc1 Rb4 30. hxg6 Rxh1 31. Qxh1 Nxg6 32. Qd1 Ne5 33. c3 Rxa4
34. Bxa4 Qc4 35. Bc2 Qxg4 36. Qxg4+ Nxg4 37. b4 axb4 38. cxb4 Ne5 39. Kb2 f5
40. Bxf5 Kf6 41. Bh3 Nd3+ 42. Kb3 Ke5 43. Bg2 Nf4 44. b5 Nxd5 45. Ka4 Nb6+ 46.
Ka5 Nd7 47. Bc6 Nc5 48. b6 Kd4 49. b7 Nxb7+ 50. Bxb7 e5 51. Kb4 e4 52. Bc6 d5
53. Bxd5 Kxd5 54. Kc3 Kc5 55. Kd2 Kd4 56. Ke2 e3 57. Ke1 1/2-1/2

[Event "8MCR_4D_1L_3S"]
[Site "?"]
[Date "2008.??.??"]
[Round "?"]
[White "Portych, Vaclav"]
[Black "Canibal, Jaromir"]
[Result "0-1"]
[WhiteElo "2187"]
[BlackElo "2236"]
[PlyCount "74"]
[EventDate "2008.??.??"]
[EventType "corr"]

1. c4 Nf6 2. Nc3 g6 3. d4 Bg7 4. e4 d6 5. Nf3 O-O 6. Be2 e5 7. O-O exd4 8. Nxd4
Nc6 9. Be3 Re8 10. f3 Nh5 11. Nxc6 bxc6 12. Qd2 Qe7 13. Rad1 a5 14. b3 f5 15.
Bd3 f4 16. Bf2 c5 17. Nd5 Qf7 18. Qc2 Rb8 19. Rb1 Be5 20. Qd2 Rb7 21. Rfd1 g5
22. h3 Qg7 23. Rdc1 Ng3 24. Bxg3 fxg3 25. Ne3 h5 26. Rf1 Bf4 27. Bc2 c6 28. Qd3
Qd4 29. Rfe1 g4 30. fxg4 hxg4 31. Qxd4 cxd4 32. Nf5 Bxf5 33. exf5 Be3+ 34. Kh1
Kg7 35. Bd1 d3 36. Bxg4 d2 37. Red1 Re5 0-1

[Event "8MCR_4D_1L_3S"]
[Site "?"]
[Date "2008.??.??"]
[Round "?"]
[White "Portych, Vaclav"]
[Black "Gubas, Jan"]
[Result "1/2-1/2"]
[WhiteElo "2187"]
[BlackElo "2317"]
[PlyCount "55"]
[EventDate "2008.??.??"]
[EventType "corr"]

1. c4 e5 2. Nc3 Nf6 3. g3 Bb4 4. Nf3 Nc6 5. Bg2 O-O 6. O-O Re8 7. Nd5 d6 8.
Nxb4 Nxb4 9. d3 Nc6 10. Be3 h6 11. Rc1 Bf5 12. Qb3 Qc8 13. Nd2 Bh3 14. Ne4 Nxe4
15. Bxh3 Qxh3 16. dxe4 b6 17. Rfd1 a5 18. f3 Nd8 19. Rd5 Ne6 20. Qb5 Rf8 21.
Rf1 f5 22. exf5 Rxf5 23. Qc6 Raf8 24. Rdd1 Rh5 25. Rf2 Qf5 26. Qd5 Qg6 27. Qd3
Rhf5 28. Qe4 1/2-1/2

[Event "8MCR_4D_1L_3S"]
[Site "?"]
[Date "2008.??.??"]
[Round "?"]
[White "Portych, Vaclav"]
[Black "Hrdy, Roman"]
[Result "0-1"]
[WhiteElo "2187"]
[BlackElo "2259"]
[PlyCount "122"]
[EventDate "2008.??.??"]
[EventType "corr"]

1. c4 e5 2. Nc3 Nf6 3. Nf3 Nc6 4. g3 d5 5. cxd5 Nxd5 6. Bg2 Nb6 7. O-O Be7 8.
a3 O-O 9. b4 Be6 10. Rb1 f6 11. d3 Nd4 12. Nd2 c6 13. Nde4 Rf7 14. e3 Nb5 15.
Nxb5 cxb5 16. Bb2 Bd5 17. Nc3 Bxg2 18. Kxg2 f5 19. Kg1 Qd7 20. Ne2 Bd6 21. Qb3
Re8 22. Rfe1 Kh8 23. Rbc1 a6 24. Nc3 Bb8 25. Ne2 Rf6 26. Red1 Rh6 27. d4 e4 28.
h4 Nc4 29. d5 f4 30. Nxf4 Qg4 31. Ng2 Rf8 32. Qc2 Rh5 33. Nf4 Rhf5 34. Re1 Bxf4
35. exf4 Rxf4 36. Bd4 Re8 37. d6 Rff8 38. Qe2 Qf5 39. a4 Re6 40. axb5 axb5 41.
Ra1 h5 42. Ra7 Rxd6 43. Bc5 e3 44. Bxe3 Re6 45. Qf1 Ne5 46. Rc1 Nf3+ 47. Kh1
Qe4 48. Qg2 Ra6 49. Qh3 Kh7 50. Bc5 Nxh4+ 51. Kg1 Nf3+ 52. Kf1 Rff6 53. Be3 h4
54. Rxa6 bxa6 55. gxh4 Qxb4 56. h5 Qb3 57. h6 Qxe3 58. fxe3 Ng5+ 59. Ke2 Nxh3
60. hxg7 Kxg7 61. Rc7+ Kg6 0-1

[Event "8MCR_4D_1L_3S"]
[Site "?"]
[Date "2008.??.??"]
[Round "?"]
[White "Portych, Vaclav"]
[Black "Motejzik, Jaroslav"]
[Result "1/2-1/2"]
[WhiteElo "2187"]
[BlackElo "2068"]
[PlyCount "52"]
[EventDate "2008.??.??"]
[EventType "corr"]

1. c4 Nf6 2. Nc3 g6 3. Nf3 Bg7 4. g3 O-O 5. Bg2 d6 6. d4 Nbd7 7. O-O e5 8. e4
exd4 9. Nxd4 Re8 10. h3 Nc5 11. Re1 a5 12. Qc2 c6 13. Be3 Nfd7 14. Rad1 a4 15.
f4 Qa5 16. Bf2 Nb6 17. Bf1 Bd7 18. a3 Rad8 19. Na2 Bc8 20. Nb4 Nbd7 21. Bg2 Qc7
22. Kh2 Nf6 23. Re2 Bd7 24. Rde1 Nh5 25. Bf3 Qc8 26. Bg2 Qc7 1/2-1/2

[Event "8MCR_4D_1L_3S"]
[Site "?"]
[Date "2008.??.??"]
[Round "?"]
[White "Portych, Vaclav"]
[Black "Peroutik, Jiri"]
[Result "1-0"]
[WhiteElo "2187"]
[BlackElo "1845"]
[PlyCount "71"]
[EventDate "2008.??.??"]
[EventType "corr"]

1. c4 c5 2. Nc3 Nc6 3. Nf3 Nf6 4. d4 cxd4 5. Nxd4 g6 6. g3 Bg7 7. Bg2 O-O 8.
O-O Ng4 9. e3 d6 10. b3 Nxd4 11. exd4 Nh6 12. Bb2 Nf5 13. d5 Bd7 14. Qc1 a6 15.
Ne4 Bxb2 16. Qxb2 Qb6 17. Rfe1 Qd4 18. Qxd4 Nxd4 19. Rad1 Nf5 20. c5 Rfd8 21.
g4 Nh4 22. cxd6 exd6 23. Rd4 Rab8 24. h3 h6 25. Rb4 b6 26. Nxd6 Nxg2 27. Re7 a5
28. Rc4 Be8 29. Rxe8+ Rxe8 30. Nxe8 Rxe8 31. Kxg2 Rd8 32. Rc6 Rxd5 33. Rxb6 Kf8
34. Ra6 h5 35. Kg3 Ke7 36. Rb6 1-0

[Event "8MCR_4D_1L_3S"]
[Site "?"]
[Date "2008.??.??"]
[Round "?"]
[White "Portych, Vaclav"]
[Black "Pirhala, Ladislav"]
[Result "1/2-1/2"]
[WhiteElo "2187"]
[BlackElo "2102"]
[PlyCount "79"]
[EventDate "2008.??.??"]
[EventType "corr"]

1. c4 Nf6 2. Nc3 e5 3. Nf3 Nc6 4. g3 d5 5. cxd5 Nxd5 6. Bg2 Nb6 7. O-O Be7 8.
a3 O-O 9. b4 Be6 10. d3 f6 11. Rb1 Nd4 12. Nd2 c6 13. Nde4 Bf7 14. Nc5 Rb8 15.
e3 Ne6 16. N3e4 Nd7 17. Nxe6 Bxe6 18. d4 f5 19. Nc5 Nxc5 20. dxc5 Bc4 21. Re1
e4 22. Bb2 b6 23. Be5 Rb7 24. cxb6 axb6 25. Bf1 Ba2 26. Rc1 Qxd1 27. Rexd1 Bb3
28. Rd2 c5 29. Rb2 Bd5 30. Rd2 Be6 31. bxc5 Bxc5 32. a4 Ra7 33. Bb5 Kf7 34.
Rcd1 h6 35. Kg2 g5 36. Rh1 Kg6 37. h4 Bb3 38. hxg5 hxg5 39. Bc3 f4 40. exf4
1/2-1/2

[Event "8MCR_4D_1L_3S"]
[Site "?"]
[Date "2008.??.??"]
[Round "?"]
[White "Portych, Vaclav"]
[Black "Splichal, Josef"]
[Result "0-1"]
[WhiteElo "2187"]
[BlackElo "2140"]
[PlyCount "145"]
[EventDate "2008.??.??"]
[EventType "corr"]

1. c4 Nf6 2. Nc3 e6 3. d4 d5 4. cxd5 exd5 5. Bg5 Be7 6. e3 h6 7. Bh4 O-O 8. Bd3
c5 9. dxc5 Nbd7 10. b4 a5 11. a3 axb4 12. axb4 Rxa1 13. Qxa1 d4 14. exd4 Nxc5
15. Qd1 Nxd3+ 16. Qxd3 Bxb4 17. Nge2 g5 18. Bg3 Bxc3+ 19. Qxc3 Re8 20. Be5 Nd5
21. Qc5 b6 22. Qc2 Ba6 23. O-O Nb4 24. Qb2 Nd3 25. Qa2 Qc8 26. Ra1 Bc4 27. Qc2
b5 28. Rd1 Nxe5 29. dxe5 Qe6 30. Qd2 Qxe5 31. Ng3 Ra8 32. h3 Ra1 33. Rxa1 Qxa1+
34. Kh2 Qe5 35. Kg1 Kg7 36. Qc2 Kh8 37. Qd2 Be6 38. Nh5 Kh7 39. g4 Bc4 40. Qc2+
Kh8 41. Qd2 Bd5 42. f4 Qa1+ 43. Kf2 Qa7+ 44. Ke2 Bc4+ 45. Kf3 Qa3+ 46. Ke4 Qe7+
47. Kf3 Kg8 48. Qb2 Bd5+ 49. Kf2 Qc5+ 50. Kf1 Bc4+ 51. Kg2 Kf8 52. fxg5 hxg5
53. Qf6 Ke8 54. h4 gxh4 55. Qxh4 Bd5+ 56. Kf1 Qc4+ 57. Kf2 Qd4+ 58. Ke1 Qe3+
59. Kf1 Bc4+ 60. Kg2 Qd2+ 61. Qf2 Qxf2+ 62. Kxf2 b4 63. Ke3 b3 64. Kd2 Ke7 65.
Ng3 Kf6 66. Ne4+ Ke5 67. Nf2 Kf4 68. Nd1 f6 69. Ke1 Be6 70. Kf2 Bxg4 71. Nb2
Ke4 72. Ke1 Ke3 73. Nd1+ 0-1

[Event "8MCR_4D_1L_3S"]
[Site "?"]
[Date "2008.??.??"]
[Round "?"]
[White "Splichal, Josef"]
[Black "Canibal, Jaromir"]
[Result "1/2-1/2"]
[WhiteElo "2140"]
[BlackElo "2236"]
[PlyCount "119"]
[EventDate "2008.??.??"]
[EventType "corr"]

1. e4 e5 2. Nf3 Nf6 3. Nxe5 d6 4. Nf3 Nxe4 5. d4 d5 6. Bd3 Nc6 7. O-O Be7 8.
Re1 Bg4 9. c4 Nf6 10. cxd5 Bxf3 11. Qxf3 Qxd5 12. Qxd5 Nxd5 13. Nc3 Ndb4 14.
Be4 Nxd4 15. Be3 Ndc2 16. a3 Nxa1 17. axb4 Bxb4 18. Rxa1 c6 19. Rxa7 Rxa7 20.
Bxa7 Ke7 21. Be3 Kd6 22. Bc2 Bxc3 23. bxc3 Ra8 24. Kf1 Ra3 25. c4 b5 26. cxb5
cxb5 27. Ke1 Kd5 28. Bc1 Rc3 29. Kd2 b4 30. Bb2 Rc8 31. Bb3+ Kc5 32. Bxg7 Rg8
33. Be5 Rxg2 34. Ke3 f6 35. Bd4+ Kb5 36. h4 f5 37. f3 Rg1 38. Kf4 Rb1 39. Bc2
Rh1 40. Bf6 Rg1 41. Bxf5 h6 42. Bd7+ Kc4 43. Be6+ Kd3 44. Bb3 Rb1 45. Bd5 Rg1
46. Be4+ Kc4 47. Ke3 b3 48. Be5 Re1+ 49. Kd2 Rh1 50. f4 Rh2+ 51. Ke3 b2 52. f5
Rh3+ 53. Kd2 Rxh4 54. Bd3+ Kd5 55. Bxb2 Rh2+ 56. Be2 Rf2 57. f6 Ke6 58. Ke3
Rxf6 59. Bg4+ Ke7 60. Ba3+ 1/2-1/2

[Event "8MCR_4D_1L_3S"]
[Site "?"]
[Date "2008.??.??"]
[Round "?"]
[White "Splichal, Josef"]
[Black "Gubas, Jan"]
[Result "0-1"]
[WhiteElo "2140"]
[BlackElo "2317"]
[PlyCount "78"]
[EventDate "2008.??.??"]
[EventType "corr"]

1. e4 e5 2. Nf3 Nc6 3. Bb5 a6 4. Ba4 Nf6 5. O-O Be7 6. Re1 b5 7. Bb3 O-O 8. c3
d6 9. h3 Na5 10. Bc2 c5 11. d4 Qc7 12. d5 Nc4 13. b3 Nb6 14. a4 Bd7 15. a5 Nc8
16. Nh2 Ne8 17. Nf1 Qd8 18. Qh5 g6 19. Qd1 f5 20. exf5 gxf5 21. c4 Ng7 22. Ng3
Bf6 23. Ra2 Ne7 24. Bh6 Qe8 25. Qe2 Qg6 26. Bc1 Rae8 27. Rd1 b4 28. Nd2 e4 29.
Ndf1 Bg5 30. Bb2 Qh6 31. Re1 Ng6 32. Qd1 Nh4 33. Qa1 Re7 34. Bc1 f4 35. Bxf4
Bxf4 36. Bxe4 Nh5 37. Qd1 Bxg3 38. fxg3 Rxf1+ 39. Rxf1 Nxg3 0-1

[Event "8MCR_4D_1L_3S"]
[Site "?"]
[Date "2008.??.??"]
[Round "?"]
[White "Splichal, Josef"]
[Black "Hrdy, Roman"]
[Result "0-1"]
[WhiteElo "2140"]
[BlackElo "2259"]
[PlyCount "112"]
[EventDate "2008.??.??"]
[EventType "corr"]

1. e4 c5 2. Nf3 d6 3. d4 cxd4 4. Nxd4 Nf6 5. Nc3 a6 6. Be2 e5 7. Nb3 Be7 8. O-O
O-O 9. Be3 Be6 10. Nd5 Bxd5 11. exd5 Nbd7 12. c4 a5 13. f4 Re8 14. fxe5 Nxe5
15. Nd4 Ne4 16. Qc2 Nc5 17. b3 Bg5 18. Bf2 Bh4 19. g3 Bf6 20. Kg2 g6 21. a3 Bg7
22. b4 axb4 23. axb4 Rxa1 24. Rxa1 Na6 25. Qd2 Qc8 26. Re1 Qd7 27. Nb5 Qe7 28.
Bf1 h6 29. h3 Kh7 30. Bd4 f5 31. Bc3 Qd8 32. Nd4 Nc7 33. b5 Nd7 34. Bd3 Rxe1
35. Qxe1 Be5 36. Qe3 Qf6 37. Bf1 Na8 38. Ne2 Bxc3 39. Nxc3 Nab6 40. Nb1 Nc5 41.
Be2 Qe5 42. Qxe5 dxe5 43. Nd2 Kg7 44. Kf3 Kf6 45. Ke3 Nc8 46. Bd1 Nd6 47. Bc2
b6 48. g4 Nf7 49. gxf5 gxf5 50. h4 Nd6 51. Kf3 e4+ 52. Kf4 h5 53. Nb3 Nxc4 54.
Nxc5 bxc5 55. Bd1 Nb6 56. d6 Nd5+ 0-1

[Event "8MCR_4D_1L_3S"]
[Site "?"]
[Date "2008.??.??"]
[Round "?"]
[White "Splichal, Josef"]
[Black "Kasik, Miroslav"]
[Result "1/2-1/2"]
[WhiteElo "2140"]
[BlackElo "2135"]
[PlyCount "153"]
[EventDate "2008.??.??"]
[EventType "corr"]

1. e4 d5 2. exd5 Nf6 3. d4 Nxd5 4. c4 Nf6 5. Nf3 e6 6. Nc3 Bd6 7. Bg5 O-O 8.
Bd3 h6 9. Bxf6 Qxf6 10. O-O Nc6 11. c5 Be7 12. Be4 Rd8 13. Bxc6 bxc6 14. Ne5
Bd7 15. Qa4 Be8 16. Ne4 Qh4 17. Rfe1 a5 18. Re2 Rdb8 19. Rae1 Rb4 20. Qc2 Rab8
21. Qc3 a4 22. f4 Bf8 23. Nd3 R4b5 24. Qc4 g6 25. Qxa4 Qd8 26. Nc3 R5b7 27. Kh1
Bg7 28. Re4 Ra8 29. Qc4 Rab8 30. b3 Kh7 31. Rd1 Ra7 32. Ne1 Qf6 33. Qd3 Kg8 34.
Nf3 Raa8 35. Qd2 Qd8 36. Qf2 Ra6 37. Ne5 f6 38. Qe2 Qc8 39. Nc4 Bf7 40. h4 h5
41. Qf2 Qd7 42. Re2 Kh7 43. Qg3 Ra7 44. Qf3 Kg8 45. Ne4 Rd8 46. Rdd2 Kh8 47. a4
Rb8 48. Rd3 Kg8 49. Re1 Rd8 50. a5 Qd5 51. Ne3 Qd7 52. b4 Kh8 53. Nc2 Rb8 54.
Qf1 Kg8 55. Ra3 Qd5 56. Rg3 Rd8 57. Ra3 Rb8 58. Rg3 Rd8 59. Qe2 Qf5 60. Qd3 Qd5
61. Qe2 Qf5 62. Rf1 Qd5 63. Re3 Rb8 64. Rg3 Rba8 65. Re3 Ra6 66. Re1 Qf5 67.
Qf3 Qd5 68. Qf1 Qf5 69. Rh3 R6a7 70. Qf3 Qd5 71. Qe2 Ra6 72. Kh2 Qf5 73. Rf1
Qd5 74. Rg3 R8a7 75. Qd3 Ra8 76. Re1 Qd7 77. Rge3 1/2-1/2

[Event "8MCR_4D_1L_3S"]
[Site "?"]
[Date "2008.??.??"]
[Round "?"]
[White "Splichal, Josef"]
[Black "Motejzik, Jaroslav"]
[Result "1-0"]
[WhiteElo "2140"]
[BlackElo "2068"]
[PlyCount "75"]
[EventDate "2008.??.??"]
[EventType "corr"]

1. e4 e6 2. d4 d5 3. Nc3 Nf6 4. e5 Nfd7 5. f4 c5 6. Nf3 Nc6 7. Be3 a6 8. Be2 b5
9. a4 b4 10. Na2 c4 11. O-O Be7 12. b3 Nb6 13. Nd2 c3 14. Nf3 O-O 15. Ng5 h6
16. Bd3 g6 17. Nf3 Kg7 18. Qe1 a5 19. g4 Rg8 20. Qg3 Ba6 21. Bxa6 Rxa6 22. Qh3
Rh8 23. f5 Bg5 24. Nxg5 hxg5 25. Qg3 Nd7 26. Rad1 Rh7 27. Nc1 Ra8 28. Nd3 gxf5
29. gxf5 Kh8 30. fxe6 fxe6 31. Bxg5 Nxd4 32. Nf4 Qb6 33. Ng6+ Kg7 34. Kh1 Nf5
35. Rxf5 exf5 36. Nf4 Kf8 37. e6 d4 38. Qg2 1-0

[Event "8MCR_4D_1L_3S"]
[Site "?"]
[Date "2008.??.??"]
[Round "?"]
[White "Splichal, Josef"]
[Black "Peroutik, Jiri"]
[Result "1-0"]
[WhiteElo "2140"]
[BlackElo "1845"]
[PlyCount "57"]
[EventDate "2008.??.??"]
[EventType "corr"]

1. e4 e6 2. Nf3 d5 3. exd5 exd5 4. d4 Nf6 5. Bd3 Bd6 6. O-O O-O 7. Re1 Bg4 8.
h3 Bh5 9. Bg5 Nbd7 10. Nbd2 c6 11. c3 Qc7 12. Qc2 Rae8 13. a3 Bg6 14. Bxg6 fxg6
15. c4 Bf4 16. Qb3 Bxg5 17. Nxg5 Qf4 18. Ngf3 b5 19. Rxe8 Rxe8 20. cxb5 cxb5
21. Qxb5 Rb8 22. Qa5 Rxb2 23. Qc3 Rb8 24. Ne5 Nf8 25. Ndf3 Ne6 26. Re1 Re8 27.
Qb2 g5 28. Qb7 Nxd4 29. Qf7+ 1-0

[Event "8MCR_4D_1L_3S"]
[Site "?"]
[Date "2008.??.??"]
[Round "?"]
[White "Splichal, Josef"]
[Black "Pirhala, Ladislav"]
[Result "1/2-1/2"]
[WhiteElo "2140"]
[BlackElo "2102"]
[PlyCount "131"]
[EventDate "2008.??.??"]
[EventType "corr"]

1. e4 c5 2. Nf3 d6 3. d4 cxd4 4. Nxd4 Nf6 5. Nc3 a6 6. Be2 e5 7. Nb3 Be7 8. Be3
Be6 9. O-O O-O 10. Nd5 Nbd7 11. Qd3 Bxd5 12. exd5 b5 13. a4 Nc5 14. Nxc5 dxc5
15. axb5 axb5 16. Rxa8 Qxa8 17. d6 c4 18. Qd1 Bd8 19. Qa1 Qc6 20. Qa7 Ne4 21.
Bf3 f5 22. Rd1 h6 23. h3 f4 24. Bc1 Bh4 25. Qc7 Bxf2+ 26. Kf1 Qa8 27. d7 Bh4
28. Qxe5 Qa7 29. Qd5+ Kh8 30. Qd4 Qxd4 31. Rxd4 Ng3+ 32. Kg1 Bd8 33. Rd1 Rf6
34. Re1 Kh7 35. b3 Rf7 36. Bc6 Re7 37. Rxe7 Bxe7 38. Kf2 cxb3 39. cxb3 g5 40.
Bxb5 Kg6 41. Bb2 Kf5 42. Kf3 Bd8 43. Bd4 h5 44. Bd3+ Ke6 45. h4 gxh4 46. Kxf4
Kxd7 47. b4 Be7 48. b5 Kd6 49. Be5+ Kc5 50. Bc7 Bf6 51. Kf3 Be7 52. Kf4 Bf6 53.
b6 Kc6 54. Bb5+ Kb7 55. Bc4 Bd4 56. Bd5+ Kc8 57. Ba8 Bc5 58. Kf3 Kd7 59. Be4
Nxe4 60. Kxe4 h3 61. gxh3 h4 62. Kf5 Bf2 63. Kg5 Kc8 64. Kf5 Kd7 65. Ke4 Bc5
66. Kf3 1/2-1/2